| 000 | 01088nam a22002657a 4500 | ||
|---|---|---|---|
| 005 | 20170124103200.0 | ||
| 010 | _aA-775022 | ||
| 020 | _c55.00 | ||
| 035 | _aA-775022 | ||
| 037 | _bCen Lib/Ret | ||
| 040 |
_aDPL _bHN |
||
| 082 |
_a515.35 _bठाकुर |
||
| 100 |
_aठाकुर, बी.आर. _991416 |
||
| 245 |
_aअवकल समीकरण / _cबी.आर. ठाकुर [एवं] जी.पी. श्रीवास्तव |
||
| 246 |
_aLaAvkal samikaran / _bby B.R. Thakur [evam] G.P. Shreevastava |
||
| 260 |
_aआगरा _bराम प्रसाद एंड संस |
||
| 270 |
_bआगरा _aअस्पताल रोड _e3 |
||
| 300 |
_a348पृ. _c21सेमी(सजिल्द ) |
||
| 650 |
_aगणित _x _z _991417 |
||
| 650 |
_aगणित--अवकल समीकरण _982048 |
||
| 650 |
_aMathematics _98937 |
||
| 650 |
_aMathematics - Differential Equations _991418 |
||
| 700 |
_aश्रीवास्तव, जी.पी _946308 |
||
| 942 |
_2ddc _cHN _h515.35 _mठाकुर |
||
| 999 |
_c120584 _d120584 |
||